Ukrainian players in European Big Five (2000-) - Statistics

General Stats
  • This quiz has been taken 33 times
  • The average score is 13 of 44
Answer Stats
Ranking Player Positions Nationality Matches Goals (assists) Periods Clubs % Correct
1 Andriy Shevchenko FW 241 112 (31) 2000-2010
100%
4 Oleksandr Zinchenko DF, MF 145 2 (12) 2017-2025
97%
8 Andriy Yarmolenko MF, FW 84 11 (5) 2017-2022
94%
13 Artem Dovbyk FW 68 36 (10) 2023-2025
87%
18 Mykhailo Mudryk MF, FW 53 5 (4) 2022-2025
84%
6 Yevhen Konoplyanka MF, FW 89 10 (8) 2015-2019
84%
19 Andriy Lunin GK 42 0 (1) 2018-2019, 2021-2025
81%
9 Illia Zabarnyi DF 78 1 (1) 2022-2025
77%
3 Ruslan Malinovskyi MF, FW 172 28 (26) 2019-2025
77%
5 Vitaliy Mykolenko DF 110 4 (2) 2021-2025
74%
7 Anatoliy Tymoshchuk DF, MF 86 4 (1) 2009-2013
61%
2 Andriy Voronin MF, FW 175 53 (22) 2003-2009, 2012-2013
58%
22 Roman Yaremchuk FW 25 3 (0) 2023-2024
48%
16 Serhiy Rebrov MF, FW 59 10 (7) 2000-2002
35%
17 Yehor Yarmoliuk MF 58 0 (0) 2023-2025
32%
15 Oleh Luzhny DF 60 0 (3) 2000-2004
29%
11 Viktor Tsyhankov MF, FW 76 13 (18) 2022-2025
26%
27 Dmytro Chygrynskiy DF 12 0 (0) 2009-2010
23%
35 Dema Kovalenko MF 5 0 (0) 2001-2002
19%
10 Ivan Ordets DF 76 1 (0) 2022-2025
19%
41 Maksym Koval GK 2 0 (0) 2017-2018
19%
14 Viktor Kovalenko MF 68 2 (4) 2020-2025
19%
26 Vladlen Yurchenko MF 13 1 (0) 2014-2017
13%
21 Eduard Sobol DF 28 0 (1) 2022-2025
6%
12 Viktor Skrypnyk DF, MF 72 6 (4) 2000-2004
6%
24 Artem Fedetskyi DF 16 0 (0) 2016-2017
3%
20 Artem Kravets FW 41 6 (4) 2015-2017
3%
29 Danylo Ihnatenko MF 11 0 (3) 2021-2022
3%
39 Denys Boyko GK 3 0 (0) 2016-2017
3%
37 Denys Oliynyk MF, FW 4 1 (0) 2016-2017
3%
25 Maksym Levytskyi GK 15 0 (0) 2000-2001
3%
28 Oleksandr Yakovenko MF, FW 12 1 (0) 2013-2014
3%
38 Oleksiy Byelik FW 4 0 (0) 2007-2008
3%
33 Roman Zozulya FW 6 0 (0) 2016-2017
3%
30 Serhiy Skachenko FW 11 0 (0) 2000-2002
3%
34 Vasyl Kravets DF, FW 6 0 (0) 2018-2019
3%
44 Vladyslav Supriaha FW 1 0 (0) 2021-2022
3%
23 Yevhen Shakhov MF, FW 24 1 (2) 2019-2020
3%
32 Yuriy Maksymov MF 8 0 (0) 2000-2001
3%
43 Yuriy Yakovenko FW 2 0 (0) 2013-2014
3%
31 Borys Tashchy MF, FW 9 0 (0) 2015-2016
0%
40 Krapyvtsov Vladyslav GK 2 0 (0) 2024-2025
0%
42 Mykola Kukharevych FW 2 0 (0) 2021-2022
0%
36 Vasyl Pryima DF 5 0 (0) 2015-2016
0%
No matching quizzes found
Score Distribution
Percent of People with Each Score
Percentile by Number Answered
Your Score History
You have not taken this quiz